Najdawniejsze pieczęcie i herb Elbląga

Titel: Najdawniejsze pieczęcie i herb Elbląga
Verfasser:
In: Z przeszłości Elbla̜ga, (1999), Seite 55-65
alle Artikel anzeigen
Veröffentlicht: 1999
Format: Aufsatz
Sprache: Polnisch
Kein Bild verfügbar
X
alg: 39351479
001A    $01999:12-11-16 
001B    $01999:07-04-21 $t19:49:06.000 
001D    $01999:12-11-16 
001U    $0utf8 
001X    $00 
002@    $0Aox 
003@    $039351479X 
007A    $039351479X $aHEB 
007T    $0Herdt13606 
010@    $apol 
011@    $a1999 
021A    $aNajdawniejsze pieczęcie i herb Elbląga 
027A    $aDie frühesten Siegel und das Wappen Elbings 
028A    $aMożejko $dBeata 
031A    $h55-65 $j1999 
039B    $aIn $8--Aau--. Z przeszłości Elbla̜ga. - Koszalin : Wydawn. Uczelniane Bałtyckiej Wyższej Szkoły Humanistycznej, 1999. - 154 S.. - Ill.. - ISBN 83-87739-70-7 $x199900000000000945 $9091207657 
045F    $a929.094382 $eDDC23BSB 
045F/01 $a929 
045F/03 $g4382 
045F/03 $g43832 
046C    $aDie frühesten Siegel und das Wappen Elbings $bÜbers. des Hauptsacht. 

lok: 39351479 78

exp: 39351479 78 1 #EPN
201B/01 $020-12-17 $t22:59:12.000 
201U/01 $0utf8 
203@/01 $0789625237 
208@/01 $a12-11-16 $be 
209A/01 $a/ $f000 $x00 
220C/01 $aTitelaufnehmer: uz 
220C/01 $aHerkunft: UMK/BU Toruń 
244Z/01 $2Trx $#Prusy Wschodnie i Zachodnie $8--Trx--Ost- und Westpreußen $x01 $939113373X 
244Z/01 $#Elbing $#Elbing Elbląg $71028071-6 $8--Tg1--Elbląg $x02 $9042042631 
244Z/01 $2Trx $#vapid kohad ja piirkonnad $#vietovių ir regionų herbai $#coats of arms towns and regions $#címerek helyek és települések $#herby miejscowości i regionów $#erby miest a regiónov $#erby měst i regionů $8--Trx--Wappen$gOrte und Regionen $x03 $9391383493 
244Z/01 $2Trx $#sfragistika $#sfragistika $#Sphragistics $#pecséttan $#sfragistyka $#sfragistika $#sfragistika $#pitsereid uuriv teadus $8--Trx--Sphragistik $x04 $9391383019 
244Z/01 $2Trx $#pitserid $#antspaudai $#Seals general $#pecsét $#pieczęcie, ogólne $#pečate $#pečeti $8--Trx--Siegel$gallgemein $x05 $939136863X 
244Z/01 $2Trx $8--Trx--Einzelbeiträge $x06 $9391384570 
245Z/01 $a13.03 $x01 
245Z/01 $a04.06 $x02 
247C/01 $82080>Marburg/Lahn, Herder-Institut, Forschungsbibliothek, Bibliographieportal $9336309341
LEADER 00000caa a22000002c 4500
001 39351479X
003 DE-603
005 20210407194906.0
007 tu
008 161112s1999 xx |||| | u00||u|pol c
035 |a (DE-599)HEB39351479X 
040 |a DE-603  |b ger  |c DE-603  |d DE-603 
041 |a pol 
082 0 4 |8 1\u  |a 929.094382  |q DE-101  |2 23/BSB 
085 |8 1\u  |b 929 
085 |8 1\u  |z 2  |s 4382 
085 |8 1\u  |z 2  |s 43832 
100 1 |a Możejko, Beata 
245 0 0 |a Najdawniejsze pieczęcie i herb Elbląga 
246 1 |i Übers. des Hauptsacht.  |a Die frühesten Siegel und das Wappen Elbings 
246 1 3 |a Die frühesten Siegel und das Wappen Elbings 
264 0 |c 1999 
773 0 8 |i In  |t Z przeszłości Elbla̜ga  |d Koszalin : Wydawn. Uczelniane Bałtyckiej Wyższej Szkoły Humanistycznej, 1999  |h 154 S., Ill.  |z 8387739707  |g (1999), Seite 55-65  |w (DE-603)091207657 
924 0 |9 2080  |a (DE-603)789625237  |b DE-2080  |c HES  |d d  |g /